[Event "AUT-ch H17 corr"]
[Site "Austria"]
[Date "1999.??.??"]
[Round "?"]
[White "Hofmann, A."]
[Black "Weiler, Oswald"]
[Result "1-0"]
[WhiteElo "1847"]
[BlackElo "1750"]
[PlyCount "38"]
[EventDate "1999.??.??"]
[EventType "tourn (corr)"]
[EventRounds "10"]
[EventCountry "AUT"]
[SourceTitle "Corr 2002"]
[Source "ChessBase"]
[SourceDate "2002.05.23"]
[SourceVersion "1"]
[SourceVersionDate "2002.05.23"]
[SourceQuality "1"]

1. e4 g6 2. d4 Bg7 3. f4 e6 4. Nf3 Ne7 5. Be2 d5 6. e5 Nd7 7. 0-0 0-0 8. Be3 b6 9. c3 Bb7 10. Nbd2 Rc8 11. Rc1 c5 12. h3 c4 13. Kh2 b5 14. a3 a5 15. g4 Nc6 16. Bf2 Re8 17. Bh4 Qb6 18. f5 b4 19. axb4 axb4 1-0